000 01066nam0a2200289 4500
001 RU\NLR\bibl\467119
005 20250623185345.0
010 _a5-93443-916-2
_915000
021 _aRU
_b2003-56609
_92762
035 _a(NLR Aleph) 000460455
090 _a930543
_c930543
100 _a20031201d2003 |||y0rusy50 ca
101 0 _arus
102 _aRU
105 _aa |||||||||
200 1 _aНакорми зверят
_f[Худ. К. Шаповалов]
210 _a[М.]
_cБ.и.
_d2003
215 _a[8] с.
_cцв. ил., [2] л. наклеек
_d25
225 1 _aКнижка с наклейками
225 1 _aПишем, считаем, играем, рисуем
686 _aШ9(2)60=Р7-8
801 0 _aRU
_bNLR
_c20031201
_gPSBO
801 1 _aRU
_bNLR
_c20031201
942 _cBOOK
980 _aNB